Budeme mať prebytok ekonómov?
Reforma univerzít v Európe ako odraz meniacej sa spoločnosti bez jasných výsledkov. Podiel vysokoškolsky vzdelaných pracovníkov na pracovnej sile v Európe. Celkový počet študentov Ekonomickej univerzity v Bratislave, podľa fakúlt a foriem štúdia za rok 1997/1998.
Saved in:
| Main Author: | |
|---|---|
| Format: | Book Chapter |
| Language: | Slovak |
| Subjects: | |
| Tags: |
No Tags, Be the first to tag this record!
|
MARC
| LEADER | 00000naa a2200000 4500 | ||
|---|---|---|---|
| 001 | r034672 | ||
| 005 | 20230919123742.2 | ||
| 041 | 0 | |a slo | |
| 044 | |a SK | ||
| 245 | 1 | 0 | |a Budeme mať prebytok ekonómov? |c Ivan Polakovič |
| 520 | |a Reforma univerzít v Európe ako odraz meniacej sa spoločnosti bez jasných výsledkov. Podiel vysokoškolsky vzdelaných pracovníkov na pracovnej sile v Európe. Celkový počet študentov Ekonomickej univerzity v Bratislave, podľa fakúlt a foriem štúdia za rok 1997/1998. | ||
| 610 | 2 | 0 | |a štúdium vysokoškolské |
| 610 | 2 | 0 | |a reformy školské |
| 610 | 2 | 0 | |a ekonómia |
| 610 | 2 | 0 | |a univerzity |
| 610 | 2 | 0 | |a vzdelanie ekonomické |
| 610 | 2 | 0 | |a Európa |
| 610 | 2 | 0 | |a Slovensko |
| 100 | 1 | |a Polakovič, Ivan | |